Quizzes
Events
Quiz Creation
Community
Videos
Private Events
Remove Ads
Sign In
Join for FREE
Feedback
Dark Mode
Quiz Categories
Sports
Geography
Music
Movies
Television
Just For Fun
Miscellaneous
History
Literature
Language
Science
Gaming
Entertainment
Religion
Holiday
For Kids
Quiz Lab
Recent
Popular Today
Quiz Kudos Today
Editor Picks
Curator Picks
Quizzes by...
Day
Popularity
Type
Ratings
Length
Year
Community
Subscriptions
Recent Discussions
Orange Saloon
Badges
Playlists
Quests
Create
Leaderboards
Showdown
Live 5
Trivia Bingo
Activity
Puzzle Library
Sporcle Events
Private Events
Virtual Trivia
Globe League
Become a Host
Pub Owners
SporcleCon
Opinionation
Our Games
Videos
Blog
Mobile Apps
Partnerships
Remove Ads and Go Orange
Feedback
Geography
Country
Landmarks
City
State
Population
World
Capital
Continent
Flags
Europe
Africa
Asia
South America
North America
Oceania
Border
Canada
United Kingdom
Topography
United States
Geography
Country
Landmarks
City
State
Population
World
Capital
Continent
Flags
Europe
Africa
Asia
South America
North America
Oceania
Border
Canada
United Kingdom
Topography
United States
Random Quiz
Search Sporcle
×
Quiz Lab
Quiz Lab
Geography
Country
Select answers by clicking on text or image buttons
Select answers by clicking on text or image buttons
Clickable
Best Score? Go Orange.
Countries of the World Malopropisms Stats
Can you match the capitals to the words and phrases that sound similar to their country?
By
Sharkeye
3m
20 Questions
77 Plays
77 Plays
77 Plays
Comments
Comments
Give Quiz Kudos
Give Quiz Kudos
-
- Ratings
hide this ad
Forced Order
Answers have to be entered in order
Answers have to be entered in order
Replay
Link that replays current quiz
Next Quiz
Link to next quiz in quiz playlist
You Got
0%
They Got
Avg Score
85%
Avg Friend Score
Upgrade to see
Score Distribution
Jump to the score distribution portion of the page
Score
0/20
Timer
03:00
0
Plays Today
% Correct
Brussels
94.8%
Guatemala City
94.8%
Paris
93.5%
Lisbon
93.5%
Jerusalem
92.2%
Mexico City
92.2%
Bandar Seri Begawan
89.6%
Bridgetown
88.3%
Berlin
88.3%
Podgorica
88.3%
% Correct
Sofia
85.7%
Amman
85.7%
Yaounde
84.4%
Belmopan
83.1%
Manila
83.1%
Tegucigalpa
81.8%
Malabo
75.3%
Victoria
74%
Maputo
74%
Majuro
68.8%
Quiz Playlist
Details
Report
Send in Message
Add To Playlist
Clickable:
Select answers by clicking on text or image buttons
Forced Order:
Answers have to be entered in order
Last Updated: Feb 16, 2017
Quiz Scoreboard
CHALLENGE
Sign Up to Join the Scoreboard
Show All
Scores
Hide
Comments
May contain spoilers
Recently Published
An Introduction to Baseball
by treessimontrees
Sports
5m
Movies - When Are They Set?
by FPL_Elf
Movies
5m
Popular People in 1961
by mucciniale
History
6m
More to Explore
Quiz From the Vault
Featured Blog Post
Where Did the Easter Bunny Come From?
hide this ad
You Might Also Like...
Tags
Capital Quiz
Country Quiz
Today's Top Quizzes in Geography
Browse Geography
hide this ad
Today's Top Quizzes in Country
Browse Country
Top Contributed Quizzes in Geography
1
Countries of the World - No Outlines Minefield
2
Top 25 Cities of France on a map
3
Any capital of a 'B' country per Continent
4
Closest Countries to UK A-Z
5
One Thing in Common: United Kingdom
6
Any capital of a 'C' country per Continent
7
Find the Provinces of Canada - No Outlines Minefield
8
Any capital of a 'D' country per Continent
9
Find the US States - No Outlines
10
Blind Secret Country CLXXXVIII
Explore More
Trending Topics
Crossword
Anime
Disney
Harry Potter
NBA
Marvel
Kpop
Song
Country
Puzzle
Soccer
Pokémon
NFL
The Office
WWE
hide this ad
More By:
Sharkeye
Quiz
Plays
Rating
Category
Featured
Created
Foreign Language Films
827
4.59
Movies
Nov 20, 2016
Welcome to Night Vale Episodes
495
5.00
Entertainment
Sep 3, 2013
10 to 1: Video Games
252
3.33
Gaming
Nov 23, 2016
Night Vale Sponsors
244
5.00
Entertainment
Oct 3, 2013
Shooting Gallery: Men
204
4.50
Entertainment
Nov 27, 2016
Go to Creator's Profile
Score Distribution
Quiz Creator Spotlight
Sharkeye
Follow
Send a Message
Quizzes Created
-
Created Quiz Play Count
-
More By This Creator
Popular Quizzes Today
1
Find the Countries of Europe - No Outlines Minefield
2
Find the US States - No Outlines Minefield
3
The Countries of the World
4
Popular People in 1961
5
Find the US States
6
US States
7
1-10 Letter E Words III
8
Risky Map Clicking: Biggest States A-Z
More Geography Quizzes
Mountains of the World
Curator's Pick
Trending Quizzes
Risky Map Clicking: Least Populous States A-Z
1-10 Letter F Words
1-10 Letter G Words
One Thing in Common: United Kingdom
Risky Map Clicking: Next State Alphabetically
Recently Updated
Leaping Animals
pecheneg
Reality TV Shows (A-Z)
bhenderson79
Rickey Henderson's Hall of Fame Teammates
pecheneg
Champions League XIs: Arsenal
pecheneg
Quick Pick: Celebrities in WWE's Hall of Fame
aduchscher
A-Z Keypad Blitz II
pecheneg
Multiple Oscar Actors
pecheneg
Mystery Phrase Blitz: Oscar 'Best Actors'
pecheneg
F. Scott Fitzgerald Novels
LTH
Pick 3 Villains
ddd62291
Trending Topics
Crossword
Kpop
Harry Potter
Disney
Anime
NBA
Marvel
Song
Country
Soccer
The Office
NFL
WWE
Pokémon
Puzzle
Your Account Isn't Verified!
In order to create a playlist on Sporcle, you need to verify the email address you used during registration. Go to your
Sporcle Settings
to finish the process.
Report this User
Report this user for behavior that violates our
Community Guidelines
.
Details:
Send Report
Go to the Sporcle.com Mobile Site →
Comments